|
|
|
|
| LEADER |
01253nam a2200337Ia 4500 |
| 001 |
EBC3572101 |
| 003 |
MiAaPQ |
| 005 |
20200520144314.0 |
| 006 |
m o d | |
| 007 |
cr cn||||||||| |
| 008 |
950322s1995 ne a sb 001 0 eng d |
| 020 |
|
|
|z 9074134173
|
| 020 |
|
|
|z 9789074134170
|
| 020 |
|
|
|z 9789086865017 (ebook)
|
| 035 |
|
|
|a (MiAaPQ)EBC3572101
|
| 035 |
|
|
|a (Au-PeEL)EBL3572101
|
| 035 |
|
|
|a (CaPaEBR)ebr10686869
|
| 035 |
|
|
|a (OCoLC)932326845
|
| 040 |
|
|
|a MiAaPQ
|c MiAaPQ
|d MiAaPQ
|
| 050 |
|
4 |
|a SB416
|b .G74 1995
|
| 245 |
0 |
0 |
|a Greenhouse climate control
|h [electronic resource] :
|b an integrated approach /
|c editors, J.C. Bakker ... [et al.].
|
| 260 |
|
|
|a Wageningen :
|b Wageningen Pers,
|c 1995.
|
| 300 |
|
|
|a xii, 279 p. :
|b ill.
|
| 504 |
|
|
|a Includes bibliographical references and index.
|
| 533 |
|
|
|a Electronic reproduction. Ann Arbor, MI : ProQuest, 2016. Available via World Wide Web. Access may be limited to ProQuest affiliated libraries.
|
| 650 |
|
0 |
|a Greenhouses
|x Climate.
|
| 650 |
|
0 |
|a Greenhouses
|x Heating and ventilation.
|
| 655 |
|
4 |
|a Electronic books.
|
| 700 |
1 |
|
|a Bakker, J. C.
|
| 710 |
2 |
|
|a ProQuest (Firm)
|
| 856 |
4 |
0 |
|u https://ebookcentral.proquest.com/lib/matrademy/detail.action?docID=3572101
|z Click to View
|